Ľudské zdroje a korporátna spoločenská zodpovednosť

Korporátna spoločenská zodpovednosť CSR (Corporate Social Responsibility) alebo spoločensky zodpovedné podnikanie. CSR ako spôsob integrácie ekonomických, sociálnych a environmentálnych cieľov biznisu organizácie.

Uložené v:
Podrobná bibliografia
Hlavný autor: Moore, Ken
Médium: Kapitola
Jazyk:Slovak
Predmet:
Tagy: Pridať tag
Žiadne tagy, Buďte prvý, kto otaguje tento záznam!

MARC

LEADER 00000naa a2200000 4500
001 0196624
005 20231116122155.9
041 0 |a slo 
044 |a SK 
245 1 0 |a Ľudské zdroje a korporátna spoločenská zodpovednosť  |c Ken Moore 
520 |a Korporátna spoločenská zodpovednosť CSR (Corporate Social Responsibility) alebo spoločensky zodpovedné podnikanie. CSR ako spôsob integrácie ekonomických, sociálnych a environmentálnych cieľov biznisu organizácie. 
610 2 0 |a zodpovednosť podniku spoločenská 
610 2 0 |a podnikanie zodpovedné 
610 2 0 |a stratégia podnikateľská 
610 2 0 |a komunikácia firemná 
610 2 0 |a filantropia 
100 1 |a Moore, Ken